| 000 -LEADER |
| fixed length control field |
00813nam a2200217Ia 4500 |
| 001 - CONTROL NUMBER |
| control field |
1986 |
| 003 - CONTROL NUMBER IDENTIFIER |
| control field |
GE_BSU |
| 005 - DATE AND TIME OF LATEST TRANSACTION |
| control field |
20221006145702.0 |
| 008 - FIXED-LENGTH DATA ELEMENTS--GENERAL INFORMATION |
| fixed length control field |
181216s2007ru xx |||||||||||||| ||rus|| |
| 020 ## - INTERNATIONAL STANDARD BOOK NUMBER |
| International Standard Book Number |
9785974501821 |
| 040 ## - CATALOGING SOURCE |
| Transcribing agency |
GE_BSU |
| 041 ## - LANGUAGE CODE |
| Language code of text/sound track or separate title |
rus |
| 080 ## - UNIVERSAL DECIMAL CLASSIFICATION NUMBER |
| Universal Decimal Classification number |
342.4(470)(075.3) Р-34 |
| 100 ## - MAIN ENTRY--PERSONAL NAME |
| Personal name |
Резепов, И.Ш. |
| 9 (RLIN) |
15108 |
| 245 ## - TITLE STATEMENT |
| Title |
Краткий курс по конституционному праву России / |
| Statement of responsibility, etc. |
И.Ш. Резепов. |
| 264 ## - PRODUCTION, PUBLICATION, DISTRIBUTION, MANUFACTURE, AND COPYRIGHT NOTICE |
| Place of production, publication, distribution, manufacture |
Москва : |
| Name of producer, publisher, distributor, manufacturer |
Окей-книга, |
| Date of production, publication, distribution, manufacture, or copyright notice |
2007. |
| 300 ## - PHYSICAL DESCRIPTION |
| Extent |
158 стр.: |
| 653 ## - INDEX TERM--UNCONTROLLED |
| keyword |
Краткий курс по конституционному праву России |
| 653 ## - INDEX TERM--UNCONTROLLED |
| keyword |
რუსეთის კონსტიტუციური სამართლის მოკლე კურსი |
| 942 ## - ADDED ENTRY ELEMENTS (KOHA) |
| Koha item type |
წიგნი |
| Source of classification or shelving scheme |
|